00436nam a2200145Ia 4500100003200000942000700032654001100039245003200050260003000082082001100112300000800123546001200131999001700143952013000160 aJefferson/ T.B./ Woods/ G.  cBK aMetals aMetals and how to weld them bJames LincolnaOhioc1981 a671.52 a392 aENGLISH c34590d34590 001040708AFTaCRCEbCRCEc1486 | 63d2023-03-17eUBSg86.40iT-234l0o671.52 pAFT2987r2023-03-17v86.40w2023-03-17yBK